|
|
|
|
| LEADER |
01976nam a2200469 i 4500 |
| 001 |
EBC1842881 |
| 003 |
MiAaPQ |
| 005 |
20200520144314.0 |
| 006 |
m o d | |
| 007 |
cr cnu|||||||| |
| 008 |
150227t20142014stk ob 001 0 eng d |
| 020 |
|
|
|z 9780748695690
|
| 020 |
|
|
|z 9780748695706
|
| 020 |
|
|
|a 9780748695713 (e-book)
|
| 020 |
|
|
|z 9780748695720 (epub)
|
| 035 |
|
|
|a (MiAaPQ)EBC1842881
|
| 035 |
|
|
|a (Au-PeEL)EBL1842881
|
| 035 |
|
|
|a (CaPaEBR)ebr11021959
|
| 035 |
|
|
|a (CaONFJC)MIL729388
|
| 035 |
|
|
|a (OCoLC)903488800
|
| 040 |
|
|
|a MiAaPQ
|b eng
|e rda
|e pn
|c MiAaPQ
|d MiAaPQ
|
| 043 |
|
|
|a f------
|a a------
|
| 050 |
|
4 |
|a HD61
|b .A968 2014
|
| 082 |
0 |
|
|a 332.6457091767
|2 23
|
| 100 |
1 |
|
|a Ayoub, Sherif,
|e author.
|
| 245 |
1 |
0 |
|a Derivatives in Islamic finance :
|b examining the market risk management framework /
|c Sherif Ayoub.
|
| 264 |
|
1 |
|a Edinburgh, [Scotland] :
|b Edinburgh University Press,
|c 2014.
|
| 264 |
|
4 |
|c 2014
|
| 300 |
|
|
|a 1 online resource (272 pages).
|
| 336 |
|
|
|a text
|2 rdacontent
|
| 337 |
|
|
|a computer
|2 rdamedia
|
| 338 |
|
|
|a online resource
|2 rdacarrier
|
| 490 |
1 |
|
|a Edinburgh Guides to Islamic Finance
|
| 504 |
|
|
|a Includes bibliographical references and index.
|
| 588 |
|
|
|a Description based on print version record.
|
| 590 |
|
|
|a Electronic reproduction. Ann Arbor, MI : ProQuest, 2015. Available via World Wide Web. Access may be limited to ProQuest affiliated libraries.
|
| 650 |
|
0 |
|a Financial risk management
|z Islamic countries.
|
| 655 |
|
4 |
|a Electronic books.
|
| 776 |
0 |
8 |
|i Print version:
|a Ayoub, Sherif.
|t Derivatives in Islamic finance : examining the market risk management framework.
|d Edinburgh, [Scotland] : Edinburgh University Press, c2014
|h x, 260 pages
|k Edinburgh guides to Islamic finance.
|z 9780748695690
|w 2014469576
|
| 797 |
2 |
|
|a ProQuest (Firm)
|
| 830 |
|
0 |
|a Edinburgh guides to Islamic finance.
|
| 856 |
4 |
0 |
|u https://ebookcentral.proquest.com/lib/matrademy/detail.action?docID=1842881
|z Click to View
|